00552nam a22001457a 4500003000400000005001700004008004100021040001500062100002500077245013700102260000900239300002800248500009900276504003100375OSt20171010095504.0120730t xxu||||| |||| 00| 0 eng d aMMSUcULS  aRamos, Rei Karlo A.  aPotential toxicity of some green leafy vegetables consumed in the City of Batac using brine shrimp toxicity testcRei Karlo A. Ramos c2008 axvi, 69 leaves c28 cm. aThesis (BS Biology) -- Mariano Marcos State University-College of Arts & Sciences, Batac City  aBibliography: leaves 38-40